Detalles MARC
| 000 -LEADER |
| campo de control de longitud fija |
02317nam a2200469Ia 4500 |
| 001 - NÚMERO DE CONTROL |
| campo de control |
39863429 |
| 003 - IDENTIFICADOR DE NÚMERO DE CONTROL |
| campo de control |
PE-LiUPU |
| 005 - FECHA Y HORA DE LA ÚLTIMA TRANSACCIÓN |
| campo de control |
20250731173603.0 |
| 008 - DATOS DE LONGITUD FIJA--INFORMACIÓN GENERAL |
| campo de control de longitud fija |
250305b |||||||| |||| 00| 0 spa d |
| 040 ## - FUENTE DE CATALOGACIÓN |
| Centro catalogador/agencia de origen |
IDK |
| Centro/agencia transcriptor |
PE-LiUPU |
| Centro/agencia modificador |
PE-LiUPU |
| Lengua de catalogación |
spa |
| Normas de descripción |
rda |
| 041 1# - CÓDIGO DE IDIOMA |
| Código de lengua del texto/banda sonora o título independiente |
eng |
| Código de lengua original |
ger |
| 049 ## - FONDOS LOCALES (OCLC) |
| Biblioteca depositaria |
EXNs |
| 082 ## - NÚMERO DE LA CLASIFICACIÓN DECIMAL DEWEY |
| Número de edición |
23 |
| Número de clasificación |
225.04 |
| Cutter |
D712n |
| 090 ## - LOCALMENTE ASIGNADO TIPO-LC NÚMERO DE CLASIFICACIÓN (OCLC); NÚMERO DE CLASIFICACIÓN LOCAL (RLIN) |
| Número de clasificación (OCLC) (R) ; Numero de clasificación, CALL (RLIN) (NR) |
BS2361.2 |
| Número cutter local (OCLC) ; Número de libro/Signatura topográfica íntegra, CALL (RLIN) |
.D670 1998 |
| 100 1# - ENTRADA PRINCIPAL--NOMBRE DE PERSONA |
| Nombre de persona |
Dormeyer, Detlev. |
| Término indicativo de función/relación |
autor. |
| 245 14 - MENCIÓN DEL TÍTULO |
| Título |
The New Testament among the writings of antiquity / |
| Mención de responsabilidad, etc. |
Detlev Dormeyer ; translated by Rosemarie Kossov ; translation editor, Stanley E. Porter. |
| 264 ## - PRODUCCIÓN, PUBLICACIÓN, DISTRIBUCIÓN, FABRICACIÓN Y COPYRIGHT |
| Producción, publicación, distribución, fabricación y copyright |
Sheffield, England : |
| Nombre del de productor, editor, distribuidor, fabricante |
Sheffield Academic Press, |
| Fecha de producción, publicación, distribución, fabricación o copyright |
c1998. |
| 300 ## - DESCRIPCIÓN FÍSICA |
| Extensión |
324 páginas ; |
| Dimensiones |
24 cm. |
| 490 1# - MENCIÓN DE SERIE |
| Mención de serie |
The Biblical seminar ; |
| Designación de volumen o secuencia |
55. |
| 504 ## - NOTA DE BIBLIOGRAFÍA, ETC. |
| Nota de bibliografía, etc. |
Incluye referencias bibliográficas (p. [260]-307) e indices. |
| 505 ## - NOTA DE CONTENIDO CON FORMATO |
| Nota de contenido con formato |
The modern literary comparison between biblical literature and the literature of antiquity -- The teacher and prophet of the 'sciptures', Jesus of Nazareth -- The relationship of the literature of antiquity to biblical litarature -- The language and language world of the new testament --Oral saying genres of Jesus: the words of the lord -- Oral apostolic sayings genres -- Oral narrative genres of Jesus: parables -- oral apostolic narrative genres -- The letters -- The gospels and acts of the apostles -- Apocalypses. |
| 526 ## - NOTA DE INFORMACIÓN SOBRE EL PROGRAMA DE ESTUDIO |
| Nombre del programa |
Segunda Especialidad En Profecías Bíblicas |
| 526 ## - NOTA DE INFORMACIÓN SOBRE EL PROGRAMA DE ESTUDIO |
| Nombre del programa |
Segunda Especialidad En Nuevo Testamento |
| 526 ## - NOTA DE INFORMACIÓN SOBRE EL PROGRAMA DE ESTUDIO |
| Nombre del programa |
Segunda Especialidad En Antiguo Testamento |
| 526 ## - NOTA DE INFORMACIÓN SOBRE EL PROGRAMA DE ESTUDIO |
| Nombre del programa |
Segunda Especialidad En Estudios Adventistas |
| 526 ## - NOTA DE INFORMACIÓN SOBRE EL PROGRAMA DE ESTUDIO |
| Nombre del programa |
Doctorado en teología |
| 526 ## - NOTA DE INFORMACIÓN SOBRE EL PROGRAMA DE ESTUDIO |
| Nombre del programa |
Maestría en teología histórica |
| 526 ## - NOTA DE INFORMACIÓN SOBRE EL PROGRAMA DE ESTUDIO |
| Nombre del programa |
Maestría en teología bíblica |
| 526 ## - NOTA DE INFORMACIÓN SOBRE EL PROGRAMA DE ESTUDIO |
| Nombre del programa |
Maestría en teología |
| 526 ## - NOTA DE INFORMACIÓN SOBRE EL PROGRAMA DE ESTUDIO |
| Nombre del programa |
Maestría en misionología |
| 526 ## - NOTA DE INFORMACIÓN SOBRE EL PROGRAMA DE ESTUDIO |
| Nombre del programa |
Maestría en liderazgo eclesiástico |
| 526 ## - NOTA DE INFORMACIÓN SOBRE EL PROGRAMA DE ESTUDIO |
| Nombre del programa |
Teología |
| 534 ## - NOTA SOBRE LA VERSIÓN ORIGINAL |
| Frase introductoria |
Translation of: |
| Mención de título del original |
Neue Testament im Rahmen der antiken Literaturgeschichte. |
| Publicación, distribución, etc. del original |
Darmstadt : Wissenschaftliche Buchgesellschaft, 1993. |
| Mención de serie del original |
(Altertumswissenschaft) |
| 630 14 - PUNTO DE ACCESO ADICIONAL DE MATERIA--TÍTULO UNIFORME |
| Título uniforme |
Biblia. |
| Nombre de parte o sección de la obra |
Nuevo Testamento |
| Subdivisión general |
Crítica, interpretación, etc. |
| 9 (RLIN) |
1242 |
| 650 24 - PUNTO DE ACCESO ADICIONAL DE MATERIA--TÉRMINO DE MATERIA |
| Término de materia o nombre geográfico como elemento de entrada |
Literatura griega |
| Subdivisión general |
Relación con el Nuevo testamento. |
| 9 (RLIN) |
5044 |
| 700 1# - ENTRADA AGREGADA--NOMBRE PERSONAL |
| Nombre de persona |
Kossov, Rosemarie. |
| Término indicativo de función/relación |
traductora. |
| 700 1# - ENTRADA AGREGADA--NOMBRE PERSONAL |
| Nombre de persona |
Porter, Stanley E., |
| Fechas asociadas al nombre |
1956- |
| Término indicativo de función/relación |
editor de traducción. |
| 730 02 - ASIENTO SECUNDARIO--TITULO UNIFORME |
| Título uniforme |
Neue Testament im Rahmen der antiken Literaturgeschichte. |
| Lenguaje de la obra |
English. |
| Fecha de publicación/de la obra |
1998. |
| 730 02 - ASIENTO SECUNDARIO--TITULO UNIFORME |
| Título uniforme |
Neue Testament im Rahmen der antiken Literaturgeschichte. |
| Lenguaje de la obra |
English. |
| Fecha de publicación/de la obra |
1998. |
| 942 ## - ELEMENTOS DE ENTRADA SECUNDARIOS (KOHA) |
| Fuente del sistema de clasificación o colocación |
Clasificación Decimal Dewey |
| Tipo de ítem Koha |
Libros físicos |
| Suprimir en OPAC |
No |
| 980 ## - EQUIVALENCIA O REFERENCIA-CRUZADA-MENCIÓN DE SERIE--NOMBRE DE PERSONA/TÍTULO [LOCAL, CANADÁ] |
| ID del usuario creador del registro |
18226 |
| Nombre del creador del registro |
Jaime Vilcazán Jefe de Análisis Documental |
| ID del último usuario que modificó el registro |
1 |
| Nombre del último usuario que modificó el registro |
ALBERTO SANCHEZ Responsable de Automatización |